Từ điển địa danh Trung Bộ
Đã lưu trong:
| Hovedforfatter: | |
|---|---|
| Format: | Bog |
| Sprog: | Undetermined |
| Udgivet: |
Hà Nội
Khoa học - Xã hội
2015
|
| Fag: | |
| Tags: |
Tilføj Tag
Ingen Tags, Vær først til at tagge denne postø!
|
| Thư viện lưu trữ: | Trung tâm Học liệu Trường Đại học Cần Thơ |
|---|
| LEADER | 00582nam a2200193Ia 4500 | ||
|---|---|---|---|
| 001 | CTU_209408 | ||
| 008 | 210402s9999 xx 000 0 und d | ||
| 082 | |a 915.97003 | ||
| 082 | |b H401/Q.2 | ||
| 100 | |a Lê, Trung Hoa | ||
| 245 | 0 | |a Từ điển địa danh Trung Bộ | |
| 245 | 0 | |c Lê Trung Hoa | |
| 260 | |a Hà Nội | ||
| 260 | |b Khoa học - Xã hội | ||
| 260 | |c 2015 | ||
| 650 | |a Tên địa danh,Names, Geographical | ||
| 650 | |z Việt Nam,Vietnam | ||
| 904 | |i Trần Thu Thảo,Hải | ||
| 980 | |a Trung tâm Học liệu Trường Đại học Cần Thơ | ||